000 00530pab a2200193 454500
008 180718b2002 xxu||||| |||| 00| 0 eng d
100 _aNazareth, A.P.
245 _aIntegrated coastal management of Dakshina Kannada and Udupi-a case study
260 _c2002
300 _ap.24-36
362 _aJan
650 _aCase studies
650 _aFisheries
650 _aIndustrial development
650 _aCoastal zones
700 _aRadha Krishnan, K.V.
773 _aIndian Journal of Environmental Health
909 _a51608
999 _c51608
_d51608